Letras hispánicas: (Record no. 194099)

MARC details
000 -LEADER
campo de control de longitud fija 01134nam a2200325 i 4500
001 - NÚMERO DE CONTROL
campo de control 194099
003 - IDENTIFICADOR DE NÚMERO DE CONTROL
campo de control ES-MaACL
005 - FECHA Y HORA DE LA ÚLTIMA TRANSACCIÓN
campo de control 20240930131522.0
007 - CAMPO FIJO DE DESCRIPCIÓN FÍSICA--INFORMACIÓN GENERAL
campo de control de longitud fija ta
008 - DATOS DE LONGITUD FIJA--INFORMACIÓN GENERAL
campo de control de longitud fija 240410n19?? sp ||||| |||| 00| 0 spa d
020 ## - NÚMERO INTERNACIONAL ESTÁNDAR DEL LIBRO
Número Internacional Estándar del Libro 8421728320515
040 ## - FUENTE DE CATALOGACIÓN
Lengua de catalogación spa
Centro/agencia transcriptor ES-MaACL
082 ## - NÚMERO DE LA CLASIFICACIÓN DECIMAL DEWEY
Número de clasificación 086.86
245 00 - MENCIÓN DEL TÍTULO
Título Letras hispánicas:
Resto del título 545 obras
246 ## - FORMA VARIANTE DEL TITULO
Título propio/Titulo breve Letras universales: 350 obras
260 ## - PUBLICACIÓN, DISTRIBUCIÓN, ETC.
Lugar de publicación, distribución, etc. [Madrid] :
Nombre del editor, distribuidor, etc. Ediciones Cátedra,
Fecha de publicación, distribución, etc. [19??.]
300 ## - DESCRIPCIÓN FÍSICA
Extensión 128 p.;
Dimensiones 17 cm
336 ## - TIPO DE CONTENIDO
Fuente rdacontent
Término de tipo de contenido texto
337 ## - TIPO DE MEDIO
Fuente rdamedia
Nombre/término del tipo de medio sin mediación
338 ## - TIPO DE SOPORTE
Fuente rdacarrier
Nombre/término del tipo de soporte volumen
520 ## - RESUMEN, ETC.
Sumario, etc. Colección de clásicos anotados en lengua española, sus ediciones van precedidas de introducción y bibliografía.
650 #4 - PUNTO DE ACCESO ADICIONAL DE MATERIA--TÉRMINO DE MATERIA
9 (RLIN) 14554
Término de materia o nombre geográfico como elemento de entrada Literatura española-
Subdivisión de forma Bibliografías
655 #7 - TERMINO DE INDIZACIÓN--GENERO/FORMA
9 (RLIN) 226825
Datos o término principal de género/forma Bibliografías
852 ## - LOCALIZACIÓN
Ubicación ES-MaACL
Ubicación en estantería Depósito 2
Número de control de estantería A-15333
Donativo/Legado Donación: Candela Arroyo
itemnumber 201622
903 ## - NOMBRE PERSONAL DE DONANTE
9 235711
a Arroyo, Candela
e Donante
942 ## - ELEMENTOS DE ENTRADA SECUNDARIOS (KOHA)
Suprimir en OPAC No
Tipo de ítem Koha Libro impreso
Holdings
Estatus retirado Estado de pérdida Fuente del sistema de clasificación o colocación Estado de daño No para préstamo Biblioteca de origen Biblioteca actual Ubicación en estantería Fecha de adquisición Fuente de adquisición Total de préstamos Signatura topográfica completa Código de barras Visto por última vez Precio de reemplazo Tipo de ítem Koha
    Clasificación decimal universal     Biblioteca del Ateneo de Madrid Biblioteca del Ateneo de Madrid Depósito 2 10/04/2024 Donación   A-15333 101207056 10/04/2024 10/04/2024 Libro impreso